Statistics for Stranger Things Christmas Lights Name Game

Click here to take the quiz!

General Stats

  • This quiz has been taken 173 times
  • The average score is 8 of 10

Answers on the Map

Answers color-coded by a green-red scale on the quiz's map according to % correct below.
 

Answer Stats

Answer% Correct
Mike Wheeler
99%
Eleven
90%
Joyce Byers
85%
Jim Hopper
82%
Max Mayfield
74%
Nancy Wheeler
74%
Jonathan Byers
71%
Lucas Sinclair
71%
Steve Harrington
71%
Dustin Henderson
69%

Score Distribution

Percentile by Number Answered

Percent of People with Each Score

Your Score History

You have not taken this quiz